Secretos de alcoba para ellas (Registro nro. 11797)
[ vista simple ]
| 000 -Cabecera | |
|---|---|
| Campo de control de longitud fija | 00744nam a22002657a 4500 |
| 005 - Fecha y hora de la última transacción | |
| Campo de control | 20241209085247.0 |
| 008 - Elementos de longitud fija--Información general | |
| Campo de control de longitud fija | 190325b2017 cr ||||| |||| 00| 0 spa d |
| 020 ## - International Standard Book Number | |
| Número Internacional Estándar del Libro (ISBN) | 9789968832588 |
| 041 ## - Idioma | |
| Código de idioma | Español |
| 082 ## - Clasificación Decimal Dewey | |
| Número de clasificación | 612.6 F363s |
| 100 ## - Entrada principal--Autor personal | |
| Nombre personal | Fernández Sandí , Mauro |
| 9 (RLIN) | 22188 |
| 100 ## - Entrada principal--Autor personal | |
| Nombre personal | Cedeño Gutiérrez, Alejandro |
| 9 (RLIN) | 52990 |
| 100 ## - Entrada principal--Autor personal | |
| Nombre personal | Navarrete Cisneros, Monica |
| 9 (RLIN) | 52991 |
| 245 ## - Título propiamente dicho | |
| Título | Secretos de alcoba para ellas |
| 260 ## - Pie de imprenta | |
| Lugar de publicación, distribución, etc. | Costa Rica |
| 260 ## - Pie de imprenta | |
| Nombre del editor, distribuidor, etc. | Ginita Linda |
| 260 ## - Pie de imprenta | |
| Fecha de publicación, distribución, etc. | 2017 |
| 300 ## - Descripción física | |
| Extensión | 200 páginas |
| 440 ## - Declaración de serie/asiento adicional--título | |
| Título de la serie | Colección Manual de Almohada |
| 650 ## - Materia general | |
| Temática (materia general) | SEXUALIDAD |
| 650 ## - Materia general | |
| Temática (materia general) | SEXUALIDAD FEMENINA |
| 650 ## - Materia general | |
| Temática (materia general) | COITO EN LA MUJER |
| 650 ## - Materia general | |
| Temática (materia general) | ENFERMEDADES DE TRANSMISIÓN SEXUAL |
| 942 ## - Punto de acceso adicional KOHA | |
| Tipo de ítem KOHA | Libro |
| Fuente del sistema de clasificación o colocación | Dewey Decimal Classification |
| Signatura completa | Código de barras | Tipo de ítem |
|---|---|---|
| 612.6 F363s | 24148 | Libro |